[Event "IECC O-3233"]
[Site "IECC email"]
[Date "2010.10.05"]
[Round "?"]
[White "Khan, Shams Pehlwan"]
[Black "Whetter, John Colin"]
[Result "1-0"]
[WhiteElo "1917"]
[BlackElo "1849"]
[PlyCount "37"]
[EventDate "2010.??.??"]
[EventType "swiss (corr)"]
[EventRounds "2"]
[SourceTitle "Telechess CBM 149"]
[Source "ChessBase"]
[SourceDate "2012.07.17"]
[SourceVersion "1"]
[SourceVersionDate "2012.07.17"]
[SourceQuality "1"]
[WhiteTeam "India"]
[BlackTeam "England"]
[WhiteTeamCountry "IND"]
[BlackTeamCountry "ENG"]

1. e4 e5 2. f4 c5 3. Nf3 d6 4. Nc3 Nc6 5. Bb5 exf4 6. d4 Bd7 7. dxc5 dxc5 8. Bxf4 Be7 9. Nd5 Qa5+ 10. c3 0-0-0 11. Qe2 Bg4 12. Bc7 Nd4 13. Bxa5 Nxe2 14. Bxd8 Bxf3 15. Bxe7 Bxe4 16. Bf8 Bxd5 17. Bxg7 Bxg2 18. Kxe2 Bxh1 19. Rxh1 1-0